Výzvy vojenskej diplomacie v roku 2016
Zahraničný a domáci vektor vojenskej diplomacie. Strategická spolupráca EÚ - OSN. Ciele SR v oblasti zahraničnej a bezpečnostnej politiky. Slovenská bezpečnostná kampaň. Vybrané rozhodujúce úlohy OS SR na rok 2016.
Gespeichert in:
| 1. Verfasser: | |
|---|---|
| Format: | Buchkapitel |
| Sprache: | Slowakisch |
| Schlagworte: | |
| Tags: |
Keine Tags, Fügen Sie das erste Tag hinzu!
|
MARC
| LEADER | 00000naa$a2200000$$$4500 | ||
|---|---|---|---|
| 001 | 0223388 | ||
| 005 | 20240502073644.6 | ||
| 041 | 0 | |a slo | |
| 044 | |a SK | ||
| 245 | 1 | 0 | |a Výzvy vojenskej diplomacie v roku 2016 |c Ladislav Čeri |
| 520 | |a Zahraničný a domáci vektor vojenskej diplomacie. Strategická spolupráca EÚ - OSN. Ciele SR v oblasti zahraničnej a bezpečnostnej politiky. Slovenská bezpečnostná kampaň. Vybrané rozhodujúce úlohy OS SR na rok 2016. | ||
| 610 | 2 | 0 | |a politika bezpečnostná |
| 610 | 2 | 0 | |a politika zahraničná |
| 610 | 2 | 0 | |a politika vnútorná |
| 610 | 2 | 0 | |a vojenstvo |
| 610 | 2 | 0 | |a diplomacia |
| 610 | 2 | 0 | |a Slovensko |
| 100 | 1 | |a Čeri, Ladislav | |